000
00407nam a22001697a 4500
003
MPLRDC
005
20220104123641.0
008
210129b ||||| |||| 00| 0 eng d
082
_a
411.19 CSL
100
_a
陈淑玲译
245
_a
怎样提高智力
_c
260
_a
_b
建宏出版社
_c
1990
300
_b
平
490
_a
健康生活丛书. 81
650
_a
健脑法
942
_c
BK
_o
411.19 CSL
999
_c
13090
_d
13080